1931 1208 1545 1084 1641 1964 1232 1339 1510 1189 1690 1246 1093 1912 1749 1189 1812 1224 1846 1456 1943 1268 1985 1488 1886 1404 1940 1480 1250 1501 1741 1680 1087 1910 1212 1420 1785 1329 1295 1263 1495 1756 1318 1467 1627 1569 1657 1921 1151 1677 1196 1518 1785 1751 1665 1260 1682 1594 1251 1569 1028 1246 1386 1429 1998 1901 1203 1174 1266 1068 1940 1091 1343 1622 1747 1472 1329 1460 1885 1252 1997 1075 1572 1188 1174 1769 1585 1737 1546 1523 1550 1068 1713 1593 1418 1480 1998 1615 1805 BCNSPRNW ULIB Ver.6.0+V

เปลี่ยนเป็นภาษาไทย

Change to English
 แสดงรายละเอียดบรรณานุกรม
  กลับหน้าหลัก

Brief Record : Get Marc (ISO 2709) : E-mail record : QR code < ปิดหน้าต่าง
LEADER : 00000nam 2200000uu 4500
001    13399124596
003     ULIB
008    151015s2557||||th 000 0 tha d
060 04 ^aWA30^bส654อ
100 0  ^aสามารถ ใจเตี้ย
245 10 ^aอนามัยสิ่งแวดล้อม =^bEnvironmental health /^cสามารถ ใจเตี้ย
246 31 ^aEnvironmental health
260    ^aเชียงใหม่ :^bคณะวิทยาศาสตร์และเทคโนโลยี มหาวิทยาลัยราชภัฏเชียงใหม่, ^c2557
300    ^aก-ช, 241 หน้า :^bภาพประกอบ (ภาพสีบางภาพ) ;^c30 ซม.
505 2  ^aอนามัยสิ่งแวดล้อม --ความเสื่อมสภาพของแหล่งน้ำกับสุขภาพ -- สารพิษในสิ่งแวดล้อม -- พิษจากสารเคมีการเกษตร -- การประเมินผลกระทบสุขภาพจากการเกษตร -- การกำจัดขยะอินทรีย์โดยใช้ไส้เดือนดิน -- อนามัยสิ่งแวดล้อมในภาวะภัยพิบัติทางธรรมชาติ --การประเมินความเสี่ยงต่อสุขภาพในงานอนามัยสิ่งแวดล้อม -- การวิจัยอนามัยสิ่งแวดล้อม
650  0 ^aEnvironmental Health
650  4 ^aอนามัยสิ่งแวดล้อม
710 2  ^aมหาวิทยาลัยราชภัฏเชียงใหม่.^bคณะวิทยาศาสตร์และเทคโนโลยี
945    ^p0^l0^i000116
945    ^p0^l0^i000172
999    ^aเกษร โพธิ์สุวรรณ
รายการนี้ยังไม่มีแท็ก
คุณยังไม่ได้ล็อกอิน คุณสามารถมีกิจกรรมร่วมกับเว็บไซต์ได้ แต่ต้องล็อกอินก่อน ::
  ล็อกอิน

รายการสื่อสารสนเทศ

ลำดับที่ ประเภท เลขเรียก/บาร์โค้ด สถานที่ สถานะ
1. วิทยาศาสตร์การแพทย์ และสุขภาพ
วิทยาศาสตร์การแพทย์ และสุขภาพ
สถานะ=หนังสือเก่า
WA30 ส654อ ฉ.1 
  Barcode: 000116
ห้องสมุดวิทยาเขตสวรรค์ประชารักษ์
►ส่วนจัดเก็บหนังสือเก่า สปร
บนชั้น
  ขอยืม
2. วิทยาศาสตร์การแพทย์ และสุขภาพ
วิทยาศาสตร์การแพทย์ และสุขภาพ
สถานะ=หนังสือเก่า
WA30 ส654อ ฉ.2 
  Barcode: 000172
ห้องสมุดวิทยาเขตสวรรค์ประชารักษ์
►ส่วนจัดเก็บหนังสือเก่า สปร
บนชั้น
  ขอยืม

รายการใกล้เคียง
    หัวเรื่อง [Environmental Health]
    หัวเรื่อง [อนามัยสิ่งแวดล้อม]

BibComment


ยังไม่เคยถูกคอมเมนท์

คอมเมนท์ทรัพยากรรายการนี้
  คอมเมนท์: อนามัยสิ่งแวดล้อ..


 Copyright 2026. Bcnsprnw @Library